Coreia do Sul ou Coreia do Norte? - Statistics

Estatísticas Gerais
  • Esse quiz foi jogado 100 vezes
  • A pontuação média é 12 de 15
Estatísticas das Respostas
Questão Resposta % Correto
É um país asiático Ambas
100%
É uma ditadura Coreia do Norte
100%
No ano de 1965, foi uma aliada da União Soviética Coreia do Norte
97%
Tem preto em sua bandeira Coreia do Sul
97%
Tem acesso ao oceano Ambas
94%
Possui vermelho em sua bandeira Ambas
91%
Já foi ocupada pelo Japão Ambas
91%
A 2° letra do nome da sua capital é "Y" Coreia do Norte
89%
No ano de 2024, foi uma aliada estadunidense Coreia do Sul
86%
Faz fronteira com MENOS de 2 países Coreia do Sul
74%
Fica localizado inteiramente ao norte mundial Ambas
69%
Está mais próxima territorialmente da China do que Taiwan Coreia do Norte
63%
Seu nome oficial é República da Coreia Coreia do Sul
57%
Tem uma área menor do que 110.000 km² Coreia do Sul
43%
É conhecida por "jogos de massa" Coreia do Norte
34%
Nenhum quiz correspondente encontrado
Distribuição das Pontuações
Porcentagem de Pessoas com Cada Pontuação
Percentil de Números Respondidos
Sua Pontuação Histórica
Você não jogou esse quiz